What is a logical system?

Αποθηκεύτηκε σε:
Λεπτομέρειες βιβλιογραφικής εγγραφής
Άλλοι συγγραφείς: Gabbay, Dov M. 1945- (Επιμελητής έκδοσης)
Μορφή: Βιβλίο
Γλώσσα:English
Δημοσίευση: Oxford : Claredon Press, 1994
Σειρά:Studies in logic and computation
Θέματα:
Ετικέτες: Προσθήκη ετικέτας
Δεν υπάρχουν, Καταχωρήστε ετικέτα πρώτοι!

MARC

LEADER 00000nam a2200000 i 4500
001 1/61062
008 040914s1994 eng d
020 |a 0-19-853859-6 
035 |l 10074406 
040 |a GR-MY-UA  |b gre  |e aacr 
041 0 |a eng 
082 0 |a 511.3 
245 1 0 |a What is a logical system? /  |c edited by D.M. Gabbay 
260 |a Oxford :   |b Claredon Press,   |c 1994 
300 |a 454 p. 
490 1 |a Studies in logic and computation 
504 |a Includes bibliographical references and index 
650 0 0 |a Logic, Symbolic and mathematical. 
650 0 0 |a Computer science. 
700 1 |a Gabbay, Dov M.  |d 1945-  |4 edt 
830 0 |a Studies in logic and computation 
852 |a INST  |b RHODES  |e 20040914  |h 511.3 WHA  |p 005400018569  |q 005400018569  |t BK  |y 0 
901 |a BIBL4-2004-3 
909 |a Ρ  |b 113175 
922 |a 4ΕΛΗ  |b 200408  |c ΕΠΕΑΕΚ2/ΤΕΠΑΕΣ  |d ΜΙΧΑΛΟΠΟΥΛΟΣ 
950 |a 096-2004-06-17 
970 |a ΚΟΥΛΑΚΙΟΤΗ  |b ΛΙΤΣΑ  |z 2004/09/22